000 00310nam a2200121Ia 4500
008 190216s9999||||xx |||||||||||||| ||und||
100 _a"Bansal.R.K & Bhatia,H,K"
245 0 _aComperhensive Question Bank Xii
260 _bLaxmi Publication Ltd
_c2004
300 _a696
650 _aBiology
942 _cREF
999 _c36719
_d36719